00445nam a2200145Ia 4500008004100000100001800041245004300059245001700102260004000119260000900159300003200168440006200200650001400262650002300276190813s9999 xx 000 0 und d aEsrum, Eva K. aCareer education via video conference/ cEva K. Esrum bPublisher's Development Corporation c2018 aPages 30-31, September 2018 aArts and Activities: Make a Fresh Start with Artsv164: 1 aEducation aVideo conferencing